綿花の生産量が多い国 - Statistics

General Stats
  • This quiz has been taken 76 times
  • The average score is 8 of 15
Answer Stats
生産量 % Correct
中国 2750万
95%
インド 2620万
93%
アメリカ 1210万
89%
ブラジル 1460万
86%
パキスタン 670万
70%
オーストラリア 500万
70%
アルゼンチン 160万
68%
メキシコ 897K
66%
トルコ 320万
57%
トルクメニスタン 90万
45%
ウズベキスタン 290万
43%
ブルキナファソ 77万
7%
マリ 130万
5%
ベナン 100万
5%
コートジボワール 745K
5%
No matching quizzes found
Score Distribution
Percent of People with Each Score
Percentile by Number Answered
Your Score History
You have not taken this quiz